Evaluation of measures/actions implemented under the Schengen Facility in Croatia Final report

Detalles Bibliográficos
Formato: eBook
Lenguaje:inglés
Publicado: Bruselas: European Union Publications Office, 2019
Materias:
Acceso en línea:Acceso restringido

MARC

LEADER 00000nam a22000007a 4500
005 20220114204836.0
007 cr|||| |||
008 220114s2019 eu |||||s||||i00||0 eng d
020 |a 978-92-76-09715-0 
035 |a 34201 
040 |a vLex 
090 |c 12824  |d 12824 
245 0 0 |a Evaluation of measures/actions implemented under the Schengen Facility in Croatia  |h [Recurso electrn̤ico] :  |b Final report 
256 |a Servicio en ln̕ea 
260 |a Bruselas:  |b European Union Publications Office,  |c 2019 
300 |a 1 recurso electrn̤ico 
500 |a This study evaluated the Schengen Facility for Croatia (SF). It examined all outcomes, including outputs, results and impacts of the implementation of actions and measures under the SF between 01 July 2013 and 21 January 2017. The evaluation assessed six evaluation criteria: effectiveness, efficiency, relevance, coherence, sustainability, and EU added value. The analysis was based on desk research, case studies and stakeholder consultation activities, which involved interviews and an online survey. The Schengen Facility had a significant positive impact on strengthening the control at the external borders, which could not have been achieved to the same extent and the same timeline only with national financing. Even though the SF effects are likely to be sustainable in the long-run, the decreasing national funding may result in inability to maintain and upgrade the acquired equipment. The objectives of the Schengen Facility were relevant to the EU and Croatian needs and relevance was constantly reinforced via the flexible approach of the SF. The targets of the SF have been largely met and the results were achieved at a reasonable cost through competitive procedures, but monitoring was not adequate. 
506 1 |a Disponible solo en los productos indicados  |d vLex Global  |d vLex Global (Academic Edition, excluding Law Schools)  |d vLex Global (U.S. Academic Edition, Law Schools)  |d vLex Global (U.S. Academic Edition, excluding Law Schools)  |d vLex Global (Academic Edition, Law Schools) 
650 0 4 |a Derecho Comunitario  |z Unin̤ Europea 
740 0 |a vLex Libros (Servicio en ln̕ea) 
856 4 0 |u https://app.vlex.com/#/sources/34201  |z Acceso restringido 
942 |c BOOK 
999 0 |a Community Law